Top 10 most populus states - Statistics

General Stats
  • This quiz has been taken 20 times
  • The average score is 8 of 10
Answer Stats
Hint Answer % Correct
1. 39.9m California
100%
4. 20.1m New York
100%
2. 32.4m Texas
100%
3. 24.3m Florida
89%
6. 12.8m Illinois
89%
10. 11.1m Michigan
79%
7. 12m Ohio
79%
9. 11.3m North Carolina
74%
8. 11.4m Georgia
68%
5. 13.2m Pennsylvania
68%
No matching quizzes found
Score Distribution
Percent of People with Each Score
Percentile by Number Answered
Your Score History
You have not taken this quiz